00587nam a2200121Ia 4500008004100000020001800041100006700059245014000126260002700266650011400293650001500407856004300422171212s9999 xx 000 0 und d a9780833034168 aBernstein, Mark A.;Fonkych, Katya;Loeb, Sam;Loughran, David S. cBernstein, Mark A.;Fonkych, Katya;Loeb, Sam;Loughran, David S.aState-Level Changes in Energy Intensity and Their National Implications bRAND Corporationc2003 aEnergy policy -- United States -- States; Energy conservation -- Government policy -- United States -- States aTechnology uwww.jstor.org/stable/10.7249/mr1616doe